Normal view
MARC view
- Sutter,Megan.
Entry Personal Name
001 - CONTROL NUMBER
- control field: 28383
003 - CONTROL NUMBER IDENTIFIER
- control field: OSt
005 - DATE AND TIME OF LATEST TRANSACTION
- control field: 20180706172809.0
008 - FIXED-LENGTH DATA ELEMENTS
- fixed length control field: 180706|| aca||aabn | a|a d
040 ## - CATALOGING SOURCE
- Original cataloging agency: OSt
100 ## - HEADING--PERSONAL NAME
- Personal name: Sutter,Megan.
- Relator term: Author.
